The Simpsons: People? Or Animals! Quiz Stats

 Plays Quiz Updated Jul 19, 2018

Score 0/38 Timer 08:00
8 Plays Today
% Correct
Homer Simpson (as a walrus)
99.8%
Moe (as a toad)
94.9%
Lisa Simpson (as an eagle)
94.6%
Bart (as the faun from “Pan's Labyrinth”)
90.5%
Krusty (as a lion)
90.2%
Maggie Simpson (as an anteater)
89.6%
Apu & the octuplets (as possums)
88.5%
Marge Simpson (as a panther)
88.5%
Ralph (as a peacock)
87.8%
Ned Flanders ( as a werewolf)
87.3%
Edna Krabappel (as a hyena)
86.8%
Grampa Simpson (as a rooster)
86.6%
Selma Bouvier (as an elephant)
85.3%
Smithers (as a flamingo)
84.5%
Seymour Skinner (as a kangaroo)
83.7%
Disco Stu (as a shrew)
82.1%
Otto (as a camel)
81.3%
Patty Bouvier (as a mountain lion)
79.7%
Chief Wiggum (as the cyclops from “The 7th Voyage of Sinbad”)
77.9%
% Correct
Comic Book Guy (as a ram)
77.7%
Kent Brockman (as a rhino)
76.1%
Dr. Nick (as a squirrel)
75.1%
Snake (as a skunk)
74.5%
Sideshow Mel (as a lemur)
73.4%
Mr. Burns (as a fox)
72.8%
Hans Moleman (as a tortoise)
72.5%
Bumblebee Man (as a bumblebee)
71.9%
Cletus (as a sloth)
71.4%
Milhouse (as an ostrich)
70.8%
Martin (as a sheep)
69%
The Sea Captain (as a crocodile)
68.3%
Professor Frink (as a turkey)
67.2%
Judge Snyder (as a hippo)
60.6%
Mayor Quimby (as a panda)
57.3%
Jimbo (as a Rigellian)
56%
Jasper Beardly (as a goat)
55.8%
Squeaky-voiced teen (as a donkey)
53.1%
Luigi (as a guinea pig, aka cavy)
51%

You're not logged in!

Compare scores with friends on all Sporcle quizzes.
Join for Free
OR
Log In

You Might Also Like...

Show Comments

Extras

Top Quizzes Today


Score Distribution

Your Account Isn't Verified!

In order to create a playlist on Sporcle, you need to verify the email address you used during registration. Go to your Sporcle Settings to finish the process.

Report this User

Report this user for behavior that violates our Community Guidelines.

Details: